| 000 | 00825nam a2200193 a 4500 | ||
|---|---|---|---|
| 003 | 0 | ||
| 005 | 20250211083156.0 | ||
| 008 | 120723s19uu xx 00 eng d | ||
| 050 |
_aPGS HV 7936.P75 _b.M672 2012 |
||
| 100 | _aMirando, Orlando Costales III. | ||
| 245 |
_aPersonal profile and level of integrity of police officers assigned at District Personnel and Human Resource Development Division (DPHRDD/D1), Manila Police District / _cOrlando Costales Mirando III. |
||
| 260 |
_aLas PiƱas City, Philippines : _bSouthville International School and Colleges, _c2012. |
||
| 300 |
_a44 pages : _billustrations ; _c28 cm. |
||
| 504 | _aIncludes bibliographical references. | ||
| 650 |
_aPolice _vProfessional ethics. |
||
| 650 |
_aPolice _vMoral and ethical aspects. |
||
| 650 | _aPolice integrity. | ||
| 942 |
_cPASS _2lcc |
||
| 999 |
_c98798 _d98798 |
||